1628 1580 1951 1351 1539 1431 1692 1353 1950 1282 1899 1742 1579 1518 1212 1926 1736 1534 1293 1887 1791 1589 1808 1112 1095 1623 1905 1533 1957 1410 1546 1007 1842 1969 1426 1968 1174 1698 1499 1739 1204 1588 1727 1594 1172 1851 1340 1000 1400 1317 1824 1041 1842 1980 1549 1935 1080 1864 1645 1490 1461 1535 1199 1983 1503 1424 1585 1325 1204 1768 1023 1508 1225 1912 1828 1686 1743 1089 1756 1540 1372 1586 1429 1384 1215 1388 1854 1344 1266 1948 1658 1382 1854 1342 1544 1868 1847 1874 1364 BCNSPRNW ULIB Ver.6.0+V

เปลี่ยนเป็นภาษาไทย

Change to English
 แสดงรายละเอียดบรรณานุกรม
  กลับหน้าหลัก

Brief Record : Get Marc (ISO 2709) : E-mail record : QR code < ปิดหน้าต่าง
LEADER : 00000nam 2200000uu 4500
001    13399109238
003     ULIB
008    110324s2543||||th 000 0 tha d
020    9742990573
060 04 WA540JT3^bว549ก 2543
100 0  กาญจนศักดิ์ ผลบูรณ์
245 10 การจัดการสิ่งแวดล้อมในระบบสุขภาพ /^cกาญจนศักดิ์ ผลบูรณ์
250    พิมพ์ครั้งที่ 1
260    นนทบุรี :^bสถาบันวิจัยระบบสาธารณสุข,^c2543
300    (6), 78 หน้า ;^c26 ซม.
490 0  ชุดสุขภาพคนไทยปี พ.ศ. 2543
650  7 อนามัยสิ่งแวดล้อม
710 2  สถาบันวิจัยระบบสาธารณสุข
711 2  การประชุมวิชาการสถาบันวิจัยระบบสาธารณสุขเรื่องภูมิปัญญาประชาคมสู่สุขภาพประชาชาติไทย^n(ครั้งที่ 3 :^d2543:^cกรุงเทพมหานคร)
945    ^p0^l0^i013029
995    ทศพร
999 ^a ใช้งานได้ทุกระบบ
รายการนี้ยังไม่มีแท็ก
คุณยังไม่ได้ล็อกอิน คุณสามารถมีกิจกรรมร่วมกับเว็บไซต์ได้ แต่ต้องล็อกอินก่อน ::
  ล็อกอิน

รายการสื่อสารสนเทศ

ลำดับที่ ประเภท เลขเรียก/บาร์โค้ด สถานที่ สถานะ
- ไม่พบข้อมูล -

รายการใกล้เคียง
    หัวเรื่อง [อนามัยสิ่งแวดล้อม]

BibComment


ยังไม่เคยถูกคอมเมนท์

คอมเมนท์ทรัพยากรรายการนี้
  คอมเมนท์: การจัดการสิ่งแวดล..


 Copyright 2026. Bcnsprnw @Library